000 00648cam a2200145 4500500
005 20251228093425.0
041 _afre
042 _adc
100 1 0 _aRittersporn, Gábor T.
_eauthor
245 0 0 _aG.N. SEVOST´JANOV et al., eds. « Soveršenno sekretno » : Lubjanka - Stalinu o položenii v strane (1922-1934 gg.) « Top Secret » : Lubianka to Stalin on the State of the Nation (1922-1934)
260 _c2005.
500 _a28
786 0 _nCahiers du monde russe | Vol 46 | 4 | 2005-11-01 | p. 859q-990q | 1252-6576
856 4 1 _uhttps://shs.cairn.info/revue-cahiers-du-monde-russe-2005-4-page-859q?lang=fr&redirect-ssocas=7080
999 _c1604343
_d1604343